1760 1402 1438 1194 1983 1822 1425 1258 1606 1392 1142 1654 1643 1507 1321 1276 1491 1663 1074 1107 1633 1624 1026 1965 1972 1617 1441 1990 1947 1265 1016 1348 1220 1437 1869 1351 1474 1560 1858 1132 1882 1943 1019 1406 1429 1233 1212 1954 1592 1726 1936 1963 1052 1910 1046 1739 1791 1250 1614 1777 1327 1489 1592 1971 1834 1644 1775 1178 1129 1736 1129 1104 1156 1731 1010 1813 1517 1877 1745 1292 1545 1348 1543 1145 1614 1849 1356 1664 1306 1282 1902 1654 1398 1527 1378 1722 1756 1241 1596 BCNSPRNW ULIB Ver.6.0+V

เปลี่ยนเป็นภาษาไทย

Change to English
 แสดงรายละเอียดบรรณานุกรม
  กลับหน้าหลัก

Brief Record : Get Marc (ISO 2709) : E-mail record : QR code < ปิดหน้าต่าง
LEADER : 00000nam 2200000uu 4500
001    13399110657
003     ULIB
008    110607s2551||||th 000 0 tha d
024    9789742585181
090    นว^bภ416s 2551
100 0  ภาคินัย
245 00 The shoes รองเท้าอาถรรพ์^b ภาคินัย
250    พิมพ์ครั้งที่ 2
260    กรุงเทพฯ :^bโซฟา,2551
300    220 หน้า
945    ^p179^l0^i030129
995    เกษร
999 ^a ใช้งานได้ทุกระบบ
รายการนี้ยังไม่มีแท็ก
คุณยังไม่ได้ล็อกอิน คุณสามารถมีกิจกรรมร่วมกับเว็บไซต์ได้ แต่ต้องล็อกอินก่อน ::
  ล็อกอิน

รายการสื่อสารสนเทศ

ลำดับที่ ประเภท เลขเรียก/บาร์โค้ด สถานที่ สถานะ
- ไม่พบข้อมูล -

รายการใกล้เคียง
    ผู้แต่ง [ภาคินัย]

BibComment


ยังไม่เคยถูกคอมเมนท์

คอมเมนท์ทรัพยากรรายการนี้
  คอมเมนท์: The shoes รองเท้า..


 Copyright 2026. Bcnsprnw @Library